000 00351 a2200133 4500
000 nam a22 7a 4500
100 _aगुलाम रसूल
110 _aगुलाम रसूल
245 _aभारत विदेश नीति
250 _alatest edition
260 _bsatyam
_c2025
264 _bsatyam
_c2025
942 _cBK
999 _c395565
_d395565